Las Vegas Streets Quiz Stats

 Plays Quiz not verified by Sporcle

Score 0/50 Timer 05:00
0 Plays Today
Direction Street % Correct
E/WTropicana
86.9%
E/WFlamingo
76.2%
E/WSahara
74.4%
E/WCharleston
65.5%
N/SNellis
60.1%
N/SMartin Luther King
59.5%
E/WLake Mead
58.9%
N/SMaryland
58.3%
E/WSunset
54.2%
N/SJones
53%
N/SParadise
51.8%
E/WDesert Inn
50.6%
N/SRainbow
48.8%
E/WSpring Mountain
48.8%
N/SDecatur
48.2%
NW/SEBoulder
46.4%
E/WRussell
46.4%
N/SEastern
39.3%
E/WWashington
36.3%
NW/SERancho
35.7%
N/SPecos
35.7%
E/WCraig
35.1%
N/SValley View
32.7%
N/SGreen Valley
31.5%
N/SDurango
31%
Direction Street % Correct
N/SBuffalo
30.4%
E/WBlue Diamond
29.8%
N/SStephanie
29.2%
E/WAnn
28%
E/WWarm Springs
28%
E/WVegas
27.4%
N/SRampart
26.2%
E/WBonanza
26.2%
E/WCheyenne
25.6%
E/WTwain
23.8%
E/WHarmon
22.6%
NE/SWSt. Rose
22%
N/SLamb
22%
N/SArville
19.6%
N/STorrey Pines
19%
E/WHacienda
19%
E/WSilverado Ranch
17.3%
E/WAlta
14.9%
N/SFort Apache
14.9%
E/WCarey
12.5%
N/SHollywood
12.5%
N/SHualapai
10.1%
E/WLone Mountain
6.5%
N/SLosee
6%
N/SSimmons
4.2%

You're not logged in!

Compare scores with friends on all Sporcle quizzes.
Join for Free
OR
Log In

You Might Also Like...

Show Comments

Extras

Top Quizzes Today


Score Distribution

Your Account Isn't Verified!

In order to create a playlist on Sporcle, you need to verify the email address you used during registration. Go to your Sporcle Settings to finish the process.

Report this User

Report this user for behavior that violates our Community Guidelines.

Details: